=LDR 00000nam 2200000 4500 =001 INLIS000000000055183 =005 20200316020640 =035 ##$$a 0010-0320000290 =007 ta =008 200316###########################0#ind## =020 ##$$a 978-602-7572-235-5 =082 ##$$a 650 =084 ##$$a 650 Bris =245 1#$$a Sukses bekerja dari rumah /$c Brilyantini =250 ##$$a cet 1 =300 ##$$a 246 halaman : $b Ilustrasi ; $c 19 cm =650 #4$$a Bisnis =700 #$$a Editor ; Herlina P.Dewi =264 ##$$a Jogyakarta :$b Stiletto,$c 2018 =336 ##$$a Teks$2 rdacontent =337 ##$$a lain-lain$2 rdamedia =338 ##$$a lain-lain$2 rdacarrier =990 ##$$a 21132113 =990 ##$$a 21132113